000 00681nam a22002057i 4500
999 _c22815
_d22815
003 AR-CdUCM
008 240327b20232023pe ||||| |||| 00| 0 spa d
020 _a978-612-4436-84-0
040 _aMUNICIPALIDAD PROVINCIAL DEL CUSCO
_cBIBLIOTECA MUNICIPAL DEL CUSCO
041 _hspa
082 _a869.56 / Z87M20
_bZ87M20
100 _aZorrilla, Zein
_948498
245 _aEl Mestizo de los Andes y su Destino :
_bLos orígenes /
260 _aLima :
_bLluvia Editores,
_c2023
300 _a182 páginas. :
_c24 cm.
505 _aLas naranjas del gobernador -- Un morisco al virreinato del Perú
856 _fwww.lluviaeditores.com.pe
942 _2ddc
_cLIBROS
945 _apbj
_d2023